Normal view
MARC view
- Fitzgerald, John,
Entry Personal Name
001 - CONTROL NUMBER
- control field: 34509
003 - CONTROL NUMBER IDENTIFIER
- control field: OSt
005 - DATE AND TIME OF LATEST TRANSACTION
- control field: 20131201161350.0
008 - FIXED-LENGTH DATA ELEMENTS
- fixed length control field: 131201|| aca||aabn | a|a d
040 ## - CATALOGING SOURCE
- Original cataloging agency: OSt
- Transcribing agency: OSt
100 ## - HEADING--PERSONAL NAME
- Personal name: Fitzgerald, John,
- Dates associated with a name: 1965-
670 ## - SOURCE DATA FOUND
- Source citation: Work cat.: (OSt)0: Validated designs for object-oriented systems /, c. 2005.